| 000 | 00000nam##2200000za#4500 |
| 001 | 9.530367 |
| 003 | CaOODSP |
| 005 | 20200327071424 |
| 007 | ta |
| 008 | 150406|1998||||xxc||||| f|0| 0 fre|d |
| 020 | |a0-660-60490-6 |
| 040 | |aCaOODSP|bfre |
| 041 | |aeng |
| 041 | |afre |
| 043 | |an-cn--- |
| 086 | 1 |aBT31-2/1999-III-67 |
| 110 | 1 |aCanada. |bConseil du trésor. |
| 245 | 10|aGendarmerie royale du Canada |
| 260 | |aOttawa - Ontario : |bSecrétariat du Conseil du Trésor du Canada |c1998. |
| 300 | |aTexte français, 46p. : |borganigrammes, tableaux ; |c28 cm. |
| 490 | 1 |aBudget des dépenses 1998-1999, partie III: Rapport sur les plans et les priorités |
| 546 | |aBilingue |
| 563 | |aCouverture souple |
| 590 | |a98-14|b1998-04-03 |
| 776 | 0#|tA report on plans and priorities for 1998/1999 - 2000/2001, Royal Canadian Mounted Police |w(CaOODSP)9.567662 |
| 776 | 0#|tRapport sur les plans et priorités pour les exercices 1998-1999 à 2000-2001, Gendarmerie royale du Canada |w(CaOODSP)9.598992 |
| 791 | |tRoyal Canadian Mounted Police |eeng|w(CaOODSP)9.530366 |
| 830 | #0|aBudget des dépenses 1998-1999, partie III: Rapport sur les plans et les priorités.|w(CaOODSP)9.508961 |